LEADER 01243nam2 22003133i 450 001 SBL0294188 005 20251003044351.0 020 $aIT$b823781 100 $a20060721d1980 ||||0itac50 ba 101 | $aita 102 $ait 181 1$6z01$ai $bxxxe 182 1$6z01$an 200 1 $aˆ1: ‰Oggetti, situazioni soggettive, conformazione dei diritti$fGuido Alpa, Mario Bessone 210 $aPadova$cCEDAM$d1980 215 $a261 p.$d23 cm. 461 1$1001MIL0178064$12001 $aPoteri dei privati e statuto della proprieta$fGuido Alpa, Mario Bessone$v1 606 $aDiritti reali$xItalia$2FIR$3UFIC073976$9E 676 $a346.04$9DIRITTO DELLA PROPRIETA$v23 700 1$aAlpa$b, Guido$3CFIV004102$4070$08875 701 1$aBessone$b, Mario$f <1940- >$3CFIV001011$4070$08876 790 1$aAlpa$b, G.$3CFIV360642$zAlpa, Guido 801 3$aIT$bIT-000000$c20060721 850 $aIT-BN0095 912 $aSBL0294188 950 2$aBiblioteca Centralizzata di Ateneo$d 01D (AR) 2 505$e 01AR 0070025055 VMA A4(0001 v. 1$fY $h20241025$i20241025 977 $a 01 996 $aOggetti, situazioni soggettive, conformazione dei diritti$94383895 997 $aUNISANNIO